000 00825nam a2200169 i 4500
001 164069
003 ES-MaACL
005 20230906212850.0
008 020723s1891 sp |||| | spa d
040 _aCCPB | B
_bspa
_cCCPB | B
100 1 _aRoyo y Galindo, Juan I.
_9132135
245 1 0 _aContribución al estudio de la importancia de la laringoscopía, bajo el punto de vista práctico
_b: memoria leída ante el claustro de la Facultad de Medicina de la Universidad Central en el solemne acto de graduarse de doctor /
_cpor Juan I. Royo y Galindo.
260 _aZaragoza :
_b[s.n.],
_c1891 (
_festablecimiento tipográfico de La Derecha)
300 _a39 p. ;
_c22 cm.
650 4 _aLaringe-
_xCirugía.
_9136343
852 _aES-MaACL
_jT-562-F-10
_z-- Enc. hol. conservando la cub. original
_z-- Enc. en un vol. facticio
999 _c164069
_d164069